Analyses of the association between two ordinal variables in statistical study of information flows about academic ethics
Salvato in:
| Autore principale: | |
|---|---|
| Altri autori: | , |
| Natura: | Capitolo di libro |
| Lingua: | inglese |
| Soggetti: | |
| Tags: |
Nessun Tag, puoi essere il primo ad aggiungerne!!
|
MARC
| LEADER | 00000nla a2200000 4500 | ||
|---|---|---|---|
| 001 | 0222408 | ||
| 005 | 20240502083552.0 | ||
| 041 | 0 | |a eng | |
| 044 | |a ID | ||
| 245 | 1 | 0 | |a Analyses of the association between two ordinal variables in statistical study of information flows about academic ethics |c Milan Terek, Peter Kročitý, Eva Muchová |
| 610 | 2 | 0 | |a teória štatistiky |
| 610 | 2 | 0 | |a metódy štatistické |
| 610 | 2 | 0 | |a parametre ekonomické |
| 610 | 2 | 0 | |a testovanie hypotéz |
| 610 | 2 | 0 | |a dáta |
| 610 | 2 | 0 | |a informácie štatistické |
| 610 | 2 | 0 | |a etika |
| 100 | 1 | |a Terek, Milan | |
| 700 | 1 | |a Kročitý, Peter | |
| 700 | 1 | |a Muchová, Eva, 1961- | |